Prehľad zmien vykonaných v zákone o verejnom obstarávaní malou a veľkou novelou

Guardado en:
Detalles Bibliográficos
Autor principal: Púček, Ľubomír
Otros Autores: Novotná, Jana
Formato: Capítulo de libro
Lenguaje:eslovaco
Materias:
Etiquetas: Agregar Etiqueta
Sin Etiquetas, Sea el primero en etiquetar este registro!

MARC

LEADER 00000naa a2200000 4500
001 0303359
005 20240805075218.4
041 0 |a slo 
044 |a SK 
245 1 0 |a Prehľad zmien vykonaných v zákone o verejnom obstarávaní malou a veľkou novelou  |c Ľubomír Púček, Jana Novotná 
610 2 0 |a zákony 
610 2 0 |a obstarávanie verejné 
610 2 0 |a novelizácia 
610 2 0 |a investície 
610 2 0 |a ekonomika 
100 1 |a Púček, Ľubomír 
700 1 |a Novotná, Jana